[Event "4NCL Division 4 South"]
[Site "Telford, ENG"]
[Date "2018.02.10"]
[Round "5.11"]
[White "Kalitsis, Nikolaos"]
[Black "Foster, Timothy"]
[Result "1-0"]
[WhiteElo "2031"]
[BlackElo "1871"]
[PlyCount "79"]
[EventDate "2018.02.10"]

1. e4 c5 2. Nf3 d6 3. d4 cxd4 4. Nxd4 Nf6 5. Nc3 g6 6. Be3 Bg7 7. f3 Nc6 8. Qd2
O-O 9. g4 Be6 10. O-O-O Nxd4 11. Bxd4 Qa5 12. Kb1 Rfc8 13. a3 Rab8 14. h4 Bc4
15. h5 b5 16. hxg6 hxg6 17. g5 Nh5 18. Bxg7 Kxg7 19. Bh3 Be6 20. f4 Bxh3 21.
Rxh3 Qc7 22. Nd5 Qc4 23. Nxe7 Re8 24. Rxh5 gxh5 25. Nf5+ Kg6 26. Nxd6 Qc5 27.
f5+ Kg7 28. Nxe8+ Rxe8 29. Re1 Qe5 30. Qe2 h4 31. Qg4 Qg3 32. f6+ Kg6 33. Qf5+
Kh5 34. g6+ Kh6 35. Rh1 fxg6 36. Qd5 g5 37. f7 Rf8 38. e5 Kg7 39. e6 Kf6 40.
Rf1+ 1-0

[Event "4NCL Division 4 South"]
[Site "Telford, ENG"]
[Date "2018.02.10"]
[Round "5.12"]
[White "Foster, Cyril"]
[Black "Lawson, Maurice E"]
[Result "1/2-1/2"]
[WhiteElo "1892"]
[BlackElo "1958"]
[PlyCount "43"]
[EventDate "2018.02.10"]

1. d4 d5 2. c4 c6 3. Nf3 Nf6 4. Nc3 dxc4 5. a4 Na6 6. e3 Bg4 7. Bxc4 e6 8. Bxa6
bxa6 9. Qd3 Bxf3 10. gxf3 a5 11. Ke2 Rb8 12. Rb1 Nd5 13. Bd2 Be7 14. Qc4 Nb4
15. Rhg1 g6 16. Ne4 Qd5 17. Rgc1 O-O 18. Nc5 Rfd8 19. b3 Na2 20. Rc2 Nb4 21.
Rcc1 Na2 22. Rc2 1/2-1/2

[Event "4NCL Division 4 South"]
[Site "Telford, ENG"]
[Date "2018.02.10"]
[Round "5.13"]
[White "Rice, Chris B"]
[Black "Cole, Graham"]
[Result "1/2-1/2"]
[WhiteElo "1953"]
[BlackElo "1842"]
[PlyCount "40"]
[EventDate "2018.02.10"]

1. c4 Nf6 2. g3 g6 3. Bg2 Bg7 4. Nc3 O-O 5. d3 d6 6. Bg5 h6 7. Bd2 e5 8. e4 c6
9. Nge2 Be6 10. O-O Qd7 11. f3 Na6 12. b3 d5 13. Na4 b5 14. cxb5 cxb5 15. Nb2
Rac8 16. Be3 Rfd8 17. Rc1 Rxc1 18. Qxc1 Rc8 19. Qb1 Bf8 20. Rc1 dxe4 1/2-1/2

[Event "4NCL Division 4 South"]
[Site "Telford, ENG"]
[Date "2018.02.10"]
[Round "5.14"]
[White "Terry, Sean"]
[Black "Fowler, David"]
[Result "1-0"]
[WhiteElo "1900"]
[BlackElo "1927"]
[PlyCount "163"]
[EventDate "2018.02.10"]

1. e4 d5 2. exd5 Qxd5 3. Nc3 Qd6 4. Bc4 Nf6 5. Qf3 e6 6. d3 a6 7. Nge2 Nc6 8.
Bf4 Qd7 9. O-O-O Be7 10. d4 O-O 11. g4 Na5 12. Bd3 Nd5 13. Qh3 g6 14. Nxd5 exd5
15. f3 b5 16. Qh6 Nc4 17. Ng3 Bd6 18. Bxd6 Nxd6 19. Rde1 f6 20. Nf5 Nxf5 21.
gxf5 Qg7 22. Qd2 Kf7 23. fxg6+ hxg6 24. Rhg1 f5 25. Qg5 Qf6 26. Qf4 Ra7 27. Re5
c6 28. h4 Rh8 29. Rg5 Re7 30. Bxf5 Bxf5 31. Rgxf5 gxf5 32. Rxf5 Re6 33. Qg5
Qxf5 34. Qxf5+ Rf6 35. Qd7+ Kg6 36. Qg4+ Kf7 37. h5 Rhh6 38. b3 a5 39. Kb2 Ke7
40. Qg7+ Kd8 41. Qa7 Rxh5 42. Qxa5+ Kd7 43. Qa7+ Kc8 44. Qc5 Kd7 45. a4 bxa4
46. bxa4 Rxf3 47. a5 Rh8 48. Qa7+ Kd6 49. a6 Rff8 50. Qc5+ Kd7 51. Qa7+ Kd6 52.
Qg7 Rhg8 53. Qe5+ Kd7 54. Kb3 Rb8+ 55. Ka3 Ra8 56. Qf5+ Ke7 57. Qh7+ Kd6 58. a7
Rgc8 59. Qb7 Rh8 60. Ka4 Rhc8 61. Ka5 Ke6 62. Kb6 Kf5 63. Qh7+ Kf4 64. Qe7 Kf3
65. c3 Re8 66. Qf7+ Ke3 67. Kxc6 Kd3 68. Qxd5 Rxa7 69. Qf5+ Kd2 70. Qg5+ Re3
71. c4 Kd3 72. d5 Re4 73. c5 Kd4 74. Qd2+ Kc4 75. Qc2+ Kd4 76. d6 Re6 77. Qb2+
Ke4 78. Qg2+ Kd4 79. Qg4+ Re4 80. Qxe4+ Kxe4 81. d7 Ra8 82. Kd6 1-0

[Event "4NCL Division 4 South"]
[Site "Telford, ENG"]
[Date "2018.02.10"]
[Round "5.15"]
[White "Vachtfeidl, Petr"]
[Black "Tselos, Aristotelis"]
[Result "1/2-1/2"]
[WhiteElo "1910"]
[BlackElo "1772"]
[PlyCount "90"]
[EventDate "2018.02.10"]

1. d4 d5 2. c4 e6 3. Nc3 Nf6 4. Bg5 Be7 5. e3 h6 6. Bh4 O-O 7. Nf3 b6 8. Be2
Bb7 9. Bxf6 Bxf6 10. cxd5 exd5 11. O-O Nd7 12. b4 a5 13. a3 axb4 14. axb4 Rxa1
15. Qxa1 Qe7 16. Qa7 Qxb4 17. Nb5 Bc6 18. Nxc7 Qd6 19. Rc1 Rc8 20. Nb5 Qf8 21.
Qa2 Bxb5 22. Rxc8 Qxc8 23. Bxb5 Qc1+ 24. Bf1 Qc6 25. g3 Be7 26. Qb3 Bd6 27. Bb5
Qc1+ 28. Kg2 Nf6 29. Ne5 Qd2 30. Nd3 Ng4 31. Kg1 Nf6 32. h3 Qe2 33. Kg2 Qh5 34.
Nf4 Bxf4 35. gxf4 Qg6+ 36. Kf1 Qf5 37. Kg2 Qe4+ 38. Kg1 Qf3 39. Bf1 Ne4 40. Qb2
g5 41. fxg5 hxg5 42. Bg2 Qd1+ 43. Kh2 Qd2 44. Qxb6 Qxf2 45. Qd8+ Kg7 1/2-1/2

[Event "4NCL Division 4 South"]
[Site "Telford, ENG"]
[Date "2018.02.10"]
[Round "5.16"]
[White "Neatherway, A Philip"]
[Black "Towers, Nigel S"]
[Result "1/2-1/2"]
[WhiteElo "1804"]
[BlackElo "1819"]
[PlyCount "54"]
[EventDate "2018.02.10"]

1. e4 c6 2. d4 d5 3. exd5 cxd5 4. c4 Nf6 5. Nc3 Nc6 6. Nf3 Bg4 7. cxd5 Nxd5 8.
Qb3 Bxf3 9. gxf3 e6 10. Nxd5 Qxd5 11. Bc4 Bb4+ 12. Kf1 Qxd4 13. Be3 Qd7 14. Bb5
Be7 15. Rc1 O-O 16. Kg2 Qc7 17. Qc4 Qe5 18. Bxc6 bxc6 19. Qxc6 Qxb2 20. Rc2 Qf6
21. Rd1 Rad8 22. Rcd2 Rxd2 23. Rxd2 Qg6+ 24. Kf1 Qb1+ 25. Kg2 Qg6+ 26. Kf1 Qb1+
27. Kg2 Qg6+ 1/2-1/2

[Event "4NCL Division 4 South"]
[Site "Telford, ENG"]
[Date "2018.02.10"]
[Round "5.22"]
[White "Coates, Kenneth G"]
[Black "Crombleholme, Alan K"]
[Result "1/2-1/2"]
[WhiteElo "2097"]
[BlackElo "2002"]
[PlyCount "53"]
[EventDate "2018.02.10"]

1. d4 d5 2. Bg5 h6 3. Bh4 c6 4. a3 Qb6 5. Ra2 Bf5 6. e3 Nd7 7. Nf3 e6 8. c4
dxc4 9. Bxc4 Ngf6 10. Nc3 Bd6 11. O-O O-O 12. Re1 Ne4 13. Nd2 Nxd2 14. Qxd2 Qc7
15. Bg3 Bxg3 16. hxg3 Rad8 17. Qe2 Nb6 18. Raa1 e5 19. dxe5 Nxc4 20. Qxc4 Qxe5
21. Rad1 Bc2 22. Rc1 Bd3 23. Qb4 Rd7 24. Ne2 Bxe2 25. Rxe2 Rfd8 26. f4 Qh5 27.
Kf2 1/2-1/2

[Event "4NCL Division 4 South"]
[Site "Telford, ENG"]
[Date "2018.02.10"]
[Round "5.23"]
[White "Reynolds, D Ian W"]
[Black "Johnson, Derek R"]
[Result "1/2-1/2"]
[WhiteElo "2007"]
[BlackElo "2050"]
[PlyCount "50"]
[EventDate "2018.02.10"]

1. e4 d5 2. exd5 Qxd5 3. Nc3 Qd6 4. d4 Nf6 5. Nf3 Bg4 6. g3 a6 7. Bg2 Nc6 8.
O-O O-O-O 9. Bf4 e5 10. dxe5 Qxd1 11. Raxd1 Nd7 12. Rd2 Bb4 13. Rfd1 h6 14. h3
Be6 15. a3 Be7 16. Nd5 Bc5 17. b4 Nb6 18. Nxb6+ Bxb6 19. Rxd8+ Rxd8 20. Rxd8+
Kxd8 21. c3 Ne7 22. Nd4 c6 23. Be4 Bxh3 24. Kh2 Bc8 25. Be3 Bc7 1/2-1/2

[Event "4NCL Division 4 South"]
[Site "Telford, ENG"]
[Date "2018.02.10"]
[Round "5.24"]
[White "Purdon, Colin"]
[Black "Ruthen, Stephen W"]
[Result "1/2-1/2"]
[WhiteElo "2060"]
[BlackElo "1992"]
[PlyCount "50"]
[EventDate "2018.02.10"]

1. d4 Nf6 2. c4 g6 3. Nc3 Bg7 4. e4 d6 5. Nf3 O-O 6. h3 e5 7. d5 a5 8. Bg5 Na6
9. Nd2 Qe8 10. Be2 Bd7 11. a3 Nc5 12. b3 h6 13. Be3 Nh7 14. g4 f5 15. gxf5 gxf5
16. Rg1 Kh8 17. Qc2 Nf6 18. O-O-O a4 19. b4 Nb3+ 20. Nxb3 axb3 21. Qb2 fxe4 22.
Qxb3 Nh5 23. Bxh5 Qxh5 24. Rg3 Rf3 25. Rdg1 Rxg3 1/2-1/2

[Event "4NCL Division 4 South"]
[Site "Telford, ENG"]
[Date "2018.02.10"]
[Round "5.25"]
[White "Feavyour, John A"]
[Black "Tart, Peter K"]
[Result "1/2-1/2"]
[WhiteElo "1981"]
[BlackElo "1935"]
[PlyCount "74"]
[EventDate "2018.02.10"]

1. d4 e6 2. c4 f5 3. Nf3 Nf6 4. g3 Be7 5. Bg2 d6 6. O-O O-O 7. Nc3 Ne4 8. Qc2
Nxc3 9. Qxc3 Bf6 10. Rd1 Qe8 11. Qb3 e5 12. dxe5 dxe5 13. Be3 Nc6 14. Rd2 b6
15. a3 Be6 16. Qc2 e4 17. Nd4 Na5 18. Nxe6 Qxe6 19. Rc1 b5 20. b3 bxc4 21. bxc4
Rfb8 22. Rd5 Rb2 23. Qa4 Nc6 24. g4 fxg4 25. Bxe4 Qxe4 26. Qxc6 Re8 27. Qxc7
Rxe2 28. Qxa7 Qf3 29. Rcd1 $11 29... g3 30. hxg3 R2xe3 31. fxe3 Qxg3+ 32. Kf1
Qf3+ 33. Kg1 Bh4 34. Rf1 Qg4+ 35. Kh1 Qh3+ 36. Kg1 Qg3+ 37. Kh1 Qh3+ 1/2-1/2

[Event "4NCL Division 4 South"]
[Site "Telford, ENG"]
[Date "2018.02.10"]
[Round "5.26"]
[White "Kirby, Andrew"]
[Black "Botham, C Paul"]
[Result "0-1"]
[WhiteElo "1435"]
[BlackElo "1961"]
[PlyCount "124"]
[EventDate "2018.02.10"]

1. c4 Nf6 2. Nc3 d5 3. cxd5 Nxd5 4. e4 Nxc3 5. bxc3 g6 6. d4 Bg7 7. Nf3 O-O 8.
Bb2 c5 9. Be2 Nc6 10. O-O Qa5 11. Qb3 Qc7 12. Rac1 Bg4 13. Rfd1 Na5 14. Qa4 b6
15. h3 Bd7 16. Qc2 cxd4 17. Nxd4 Rfd8 18. Nb5 Bxb5 19. Bxb5 Nc4 20. Bxc4 Qxc4
21. Ba1 b5 22. a3 Rac8 23. Rxd8+ Rxd8 24. Bb2 Qd3 25. Qxd3 Rxd3 26. Rc2 e6 27.
g3 Kf8 28. Kf1 Ke8 29. Ke2 Rd6 30. Bc1 Kd7 31. f4 Rc6 32. Kd3 Rc4 33. Bb2 Bf8
34. Bc1 Kc6 35. Ra2 h5 36. Rc2 a6 37. Ra2 Kb6 38. a4 Rxa4 39. Rxa4 bxa4 40. Kc4
Bc5 41. g4 Kc6 42. Bd2 f5 43. gxf5 gxf5 44. exf5 exf5 45. Bc1 Kd6 46. Kd3 a3
47. c4 Kc6 48. Kc3 a2 49. Bb2 Be3 50. Kb3 Bxf4 51. Kxa2 Be3 52. Kb3 f4 53. Kc3
f3 54. Kd3 f2 55. Ke2 Kc5 56. Bf6 Kxc4 57. Bd8 Kb5 58. h4 Bc5 59. Bg5 a5 60.
Bc1 a4 61. Bb2 Kc4 62. Ba1 a3 0-1

[Event "4NCL Division 4 South"]
[Site "Telford, ENG"]
[Date "2018.02.10"]
[Round "5.31"]
[White "Krawczuk, Michael J"]
[Black "Mitra, Roman C"]
[Result "0-1"]
[WhiteElo "2020"]
[BlackElo "2102"]
[PlyCount "148"]
[EventDate "2018.02.10"]

1. e4 c5 2. Nf3 a6 3. c3 d5 4. exd5 Qxd5 5. d4 e6 6. Be3 cxd4 7. cxd4 Nf6 8. a3
Be7 9. Nc3 Qd6 10. Bd3 O-O 11. O-O Nc6 12. Qd2 b5 13. b4 Bb7 14. Rfd1 Rac8 15.
Bf4 Qd8 16. Ne4 Qd5 17. Qe2 Nxd4 18. Nxd4 Nxe4 19. Bxe4 Qxe4 20. Qxe4 Bxe4 21.
f3 Bd5 22. Rac1 Bf6 23. Be3 Rfd8 24. Rxc8 Rxc8 25. Rd3 h6 26. Kf2 Bc4 27. Rd2
Rd8 28. Nc6 Rc8 29. Nd4 Bd5 30. Rd3 Rc4 31. h3 Rc8 32. Kg1 Bc4 33. Rd2 Be7 34.
Kf2 h5 35. Ne2 Rd8 36. Nd4 g6 37. Nc6 Rxd2+ 38. Bxd2 Bd6 39. Bc3 Bd5 40. Ne5
Kf8 41. Nd3 Ke7 42. Bd4 Bb7 43. Nc5 Bc8 44. Ne4 Bf4 45. Bf6+ Kd7 46. Nc5+ Kc6
47. Nd3 Bc7 48. Ke2 Kd5 49. Kd2 e5 50. Kc3 Ke6 51. Bg5 f5 52. Nc5+ Kd5 53. Kd3
e4+ 54. fxe4+ fxe4+ 55. Ke3 Bb6 56. Be7 Ke5 57. Bf8 Be6 58. Be7 Bc4 59. Bf8 Bf1
60. Kf2 Bd3 61. Ke3 Kd5 62. Be7 a5 63. Kf4 axb4 64. axb4 Bc2 65. Bf8 Bc7+ 66.
Ke3 g5 67. Ke2 Bf4 68. Be7 g4 69. hxg4 hxg4 70. Bf8 Kc4 71. Na6 Bd3+ 72. Kd1 e3
73. Bc5 e2+ 74. Ke1 Kc3 0-1

[Event "4NCL Division 4 South"]
[Site "Telford, ENG"]
[Date "2018.02.10"]
[Round "5.32"]
[White "Wilks, Simon"]
[Black "De Coverly, Roger D"]
[Result "1-0"]
[WhiteElo "1996"]
[BlackElo "1974"]
[PlyCount "147"]
[EventDate "2018.02.10"]

1. e4 e5 2. Nf3 Nc6 3. Bb5 a6 4. Ba4 Nf6 5. Qe2 b5 6. Bb3 Be7 7. O-O O-O 8. c3
d6 9. Rd1 Na5 10. Bc2 c5 11. d4 Qc7 12. d5 Re8 13. b3 Bd7 14. Nbd2 Bf8 15. Nf1
g6 16. Ng3 Bg7 17. h3 Nb7 18. Be3 h6 19. Bd2 a5 20. Qf1 b4 21. Rdc1 Qb6 22. a3
Bb5 23. Bd3 Bxd3 24. Qxd3 Rec8 25. cxb4 cxb4 26. axb4 Rxc1+ 27. Rxc1 axb4 28.
Qc4 Nc5 29. Bxb4 Rc8 30. Bd2 Rb8 31. Be3 Nfd7 32. Nd2 Qa5 33. Qc3 Qb5 34. Rb1
Bf8 35. Qc4 Qb7 36. b4 Na4 37. Qc6 Nab6 38. b5 Qa7 39. Qc2 Qa4 40. Qb2 Ra8 41.
Qb4 h5 42. f3 Qc2 43. Qb3 Qc7 44. Ne2 Nc5 45. Qc2 Rc8 46. Nb3 Nbd7 47. Nxc5
dxc5 48. Nc3 Nb6 49. Ra1 c4 50. Ra6 Bc5 51. Qf2 Bxe3 52. Qxe3 Rb8 53. Qf2 Kg7
54. f4 exf4 55. Qd4+ Kh7 56. d6 Qd8 57. e5 Qh4 58. Ne4 Nd7 59. Ra7 Qe1+ 60. Kh2
Rd8 61. Ra1 Qe2 62. Ng5+ Kg8 63. Nf3 c3 64. Qxc3 Qxb5 65. Qd4 Nf8 66. Qxf4 Ne6
67. Qf6 Rf8 68. Ng5 Nxg5 69. Qxg5 Re8 70. Re1 Qd7 71. Rc1 Qd8 72. Qf4 Re6 73.
Rc7 f6 74. Qh6 1-0

[Event "4NCL Division 4 South"]
[Site "Telford, ENG"]
[Date "2018.02.10"]
[Round "5.33"]
[White "Gregory, Keith D F"]
[Black "Penna, Tommaso"]
[Result "1/2-1/2"]
[WhiteElo "1976"]
[BlackElo "1978"]
[PlyCount "56"]
[EventDate "2018.02.10"]

1. Nf3 d5 2. c4 c6 3. cxd5 cxd5 4. d4 Nf6 5. g3 Nc6 6. Bg2 Bf5 7. O-O Rc8 8.
Nc3 a6 9. Ne5 e6 10. Bg5 Be7 11. Bxf6 Bxf6 12. Nxc6 Rxc6 13. Qd2 Rc4 14. e3 O-O
15. Rfc1 Qa5 16. Bf1 Rc7 17. a3 Rfc8 18. b4 Qb6 19. Na4 Qd6 20. Nc5 e5 21. Bd3
Bg4 22. Nb3 g6 23. Rxc7 Rxc7 24. Rc1 h5 25. Bf1 Rxc1 26. Qxc1 exd4 27. Nxd4
Bxd4 28. exd4 Kg7 1/2-1/2

[Event "4NCL Division 4 South"]
[Site "Telford, ENG"]
[Date "2018.02.10"]
[Round "5.34"]
[White "Jones, Tibor"]
[Black "Bellers, Chris J"]
[Result "1-0"]
[WhiteElo "1871"]
[BlackElo "1993"]
[PlyCount "143"]
[EventDate "2018.02.10"]

1. d4 g6 2. e4 Bg7 3. Nf3 c5 4. d5 d6 5. Nc3 Nf6 6. Bb5+ Bd7 7. a4 O-O 8. h3
Na6 9. O-O Nc7 10. Bc4 a6 11. Qe2 b5 12. axb5 axb5 13. Rxa8 Qxa8 14. Nxb5 Nxb5
15. Bxb5 Bxb5 16. Qxb5 Nxe4 17. Qd3 f5 18. Ng5 Nxg5 19. Bxg5 Rf7 20. Re1 Qb7
21. b3 f4 22. Bh4 Be5 23. Qc4 Kg7 24. f3 Rf5 25. Bf2 Kf7 26. c3 Bf6 27. Rd1 Re5
28. b4 cxb4 29. cxb4 Re3 30. Bxe3 fxe3 31. Re1 Qb6 32. Kh1 Kg7 33. Qe4 Qb5 34.
f4 Bh4 35. Rxe3 Qf1+ 36. Kh2 Kh6 37. Rf3 Bf2 38. Rxf2 Qxf2 39. b5 Qa7 40. Qc4
Qe3 41. Qb4 41... Qb6 $11 42. Qb3 Qd4 43. Qf3 Qb4 44. Qe3 Kg7 45. Qxe7+ Kg8 46.
Qe8+ Kg7 47. Qe7+ Kg8 48. Qf6 Qc5 49. f5 gxf5 50. Qxf5 Qb6 51. Qe6+ Kg7 52.
Qd7+ Kg6 53. Qc6 Qd8 54. Qc2+ Kg7 55. Qc3+ Kg8 56. Qd4 Qc7 57. b6 Qb7 58. Qg4+
Kf8 59. Qf5+ Kg7 60. Qg5+ Kf7 61. Qf4+ Ke7 62. Qe4+ Kf8 63. Qf4+ Ke7 64. Qh4+
Ke8 65. Qh5+ Kd8 66. Qg5+ Kd7 67. Qg7+ Kc8 68. Qg8+ Kd7 69. Qxh7+ Kc8 70. Qxb7+
Kxb7 71. Kg3 Kxb6 72. Kf4 1-0

[Event "4NCL Division 4 South"]
[Site "Telford, ENG"]
[Date "2018.02.10"]
[Round "5.35"]
[White "Lovell, William Pm"]
[Black "Siddharth, Gopakumar"]
[Result "0-1"]
[WhiteElo "1844"]
[BlackElo "1827"]
[PlyCount "68"]
[EventDate "2018.02.10"]

1. d4 Nf6 2. Bf4 d5 3. e3 e6 4. Nf3 Bd6 5. Bg3 O-O 6. Nbd2 c5 7. c3 b6 8. Ne5
Ba6 9. Bxa6 Nxa6 10. O-O Qc7 11. f4 Rad8 12. Bh4 Be7 13. Rf3 Nb8 14. Rh3 Nbd7
15. Ndf3 Rde8 16. Nxd7 Nxd7 17. Bxe7 Rxe7 18. Qd3 f5 19. g4 cxd4 20. cxd4 Qc4
21. Qxc4 dxc4 22. g5 b5 23. b3 Nb6 24. Rc1 Rc7 25. Ne5 Rfc8 26. b4 Nd5 27. a3
a5 28. Rb1 axb4 29. axb4 Ra8 30. Rg3 Ra4 31. Rc1 Rxb4 32. Kf2 Rb2+ 33. Kg1 Ra7
34. Re1 Raa2 0-1

[Event "4NCL Division 4 South"]
[Site "Telford, ENG"]
[Date "2018.02.10"]
[Round "5.36"]
[White "Perez Fadon, Andres"]
[Black "Smith, Steven J"]
[Result "0-1"]
[WhiteElo "1532"]
[BlackElo "1757"]
[PlyCount "50"]
[EventDate "2018.02.10"]

1. d4 Nf6 2. Nf3 g6 3. Bf4 d5 4. Nbd2 Bg7 5. e3 O-O 6. h3 c5 7. c3 Qb6 8. Qb3
c4 9. Qxb6 axb6 10. g4 b5 11. a3 Nc6 12. Rb1 Nd7 13. Bg2 Nb6 14. Ke2 f6 15. Ra1
e5 16. dxe5 fxe5 17. Bg5 Be6 18. Rhe1 Na4 19. Rab1 Nc5 20. Bh1 Nd3 21. Rf1 d4
22. cxd4 exd4 23. e4 Nxb2 24. e5 c3 25. Ne4 Bc4+ 0-1

[Event "4NCL Division 4 South"]
[Site "Telford, ENG"]
[Date "2018.02.10"]
[Round "5.41"]
[White "Lancaster, Roger"]
[Black "Ortiz Sanchez, Luis"]
[Result "0-1"]
[WhiteElo "1997"]
[BlackElo "1921"]
[PlyCount "89"]
[EventDate "2018.02.10"]

1. e4 e5 2. Nf3 Nc6 3. Bb5 a6 4. Ba4 b5 5. Bb3 Nf6 6. O-O Bc5 7. c3 d6 8. d3 h6
9. Be3 O-O 10. Nbd2 Bg4 11. Qe1 Qe7 12. h3 Bxe3 13. Qxe3 Be6 14. Nh4 Bxb3 15.
Nf5 Qe6 16. axb3 Ne7 17. Ng3 Ng6 18. c4 Rfb8 19. Ra2 bxc4 20. bxc4 Nd7 21. Ne2
Nc5 22. d4 exd4 23. Nxd4 Qe8 24. Rfa1 Rb6 25. b3 Rab8 26. Ra3 Ne7 27. Nc2 Nc6
28. Kf1 Qe5 29. Ke2 Re8 30. f4 Qe7 31. Kf1 a5 32. Nd4 Nxd4 33. Qxd4 Nxe4 34.
Rxa5 Nxd2+ 35. Qxd2 Rxb3 36. Ra8 Rb1+ 37. Rxb1 Rxa8 38. Re1 Qd7 39. Qd5 Re8 40.
Ra1 c6 41. Qd4 d5 42. Rd1 Qd6 43. cxd5 cxd5 44. Kg1 Re6 45. Qxd5 0-1

[Event "4NCL Division 4 South"]
[Site "Telford, ENG"]
[Date "2018.02.10"]
[Round "5.42"]
[White "Sagues, Vincent"]
[Black "Karamazondo, Ernest"]
[Result "0-1"]
[WhiteElo "1898"]
[BlackElo "1869"]
[PlyCount "100"]
[EventDate "2018.02.10"]

1. e4 e5 2. Nf3 Nc6 3. Bb5 a6 4. Ba4 Nf6 5. d3 b5 6. Bb3 Be7 7. O-O O-O 8. Re1
d6 9. c3 Na5 10. Bc2 c5 11. Nbd2 Qc7 12. Nf1 Re8 13. Ng3 h6 14. Nh4 Bf8 15.
Nhf5 Be6 16. Qf3 Qd8 17. Bd2 Kh7 18. Ne3 g6 19. h3 Bg7 20. Ng4 Nxg4 21. hxg4
Qh4 22. Bd1 Nc6 23. Nf1 Red8 24. g3 Qe7 25. Ne3 Qb7 26. Kg2 Ne7 27. Bc2 d5 28.
Qe2 d4 29. Nf1 c4 30. cxd4 exd4 31. g5 h5 32. Bf4 Rac8 33. Nh2 Qd7 34. Nf3 Bh3+
35. Kg1 Bg4 36. Bd1 Nc6 37. Qd2 c3 38. bxc3 dxc3 39. Qe3 Qxd3 40. Be2 Qxe3 41.
Bxe3 Nb4 42. Rab1 Nxa2 43. Bc1 c2 44. Rb3 Nc3 45. Kf1 Bh3+ 46. Kg1 Rd1 47. Rxc3
Rxe1+ 48. Nxe1 Rxc3 49. Bd3 b4 50. Bxc2 b3 0-1

[Event "4NCL Division 4 South"]
[Site "Telford, ENG"]
[Date "2018.02.10"]
[Round "5.43"]
[White "Gogna, Avi"]
[Black "Lightfoot, Malcolm J"]
[Result "0-1"]
[WhiteElo "1520"]
[BlackElo "1869"]
[PlyCount "82"]
[EventDate "2018.02.10"]

1. d4 Nf6 2. Nf3 g6 3. c4 Bg7 4. g3 d5 5. Bg2 O-O 6. O-O dxc4 7. Qc2 Nc6 8.
Qxc4 Be6 9. Qa4 Bd5 10. e3 Ne4 11. Nbd2 Nxd2 12. Bxd2 e5 13. Bc3 e4 14. Nd2 Re8
15. Qc2 Qe7 16. Nb3 b6 17. Rfd1 a5 18. Nc1 Nb8 19. Ne2 Nd7 20. b3 Nf6 21. Bb2
Rac8 22. Nc3 Bc6 23. Qe2 Bd7 24. Qd2 h5 25. Rac1 h4 26. d5 hxg3 27. hxg3 Bg4
28. Re1 Qd7 29. Bf1 Qf5 30. d6 Red8 31. Nb5 Bf3 32. Nd4 Qh5 33. Nxf3 exf3 34.
Bxf6 Bxf6 35. Rxc7 Rxc7 36. dxc7 Rxd2 37. c8=Q+ Kg7 38. Qc7 Be5 39. Qc8 Bxg3
40. Qc3+ Be5 41. Qxd2 Qh2# 0-1

[Event "4NCL Division 4 South"]
[Site "Telford, ENG"]
[Date "2018.02.10"]
[Round "5.44"]
[White "Gibbs, Dominic V"]
[Black "Gogna, Aman"]
[Result "1-0"]
[WhiteElo "1848"]
[BlackElo "1431"]
[PlyCount "85"]
[EventDate "2018.02.10"]

1. e4 c5 2. c3 d5 3. exd5 Qxd5 4. d4 Nc6 5. Nf3 e6 6. a3 Nf6 7. Bd3 Be7 8. O-O
O-O 9. Be3 cxd4 10. cxd4 a6 11. Nc3 Qd6 12. Qc2 b5 13. Ne4 Nxe4 14. Bxe4 Bb7
15. Bxh7+ Kh8 16. Bd3 Rac8 17. Qe2 Bf6 18. Rad1 Ne7 19. Ng5 g6 20. Ne4 Qd5 21.
Qf3 Bxd4 22. Qh3+ Kg8 23. Ng5 Qxg2+ 24. Qxg2 Bxg2 25. Kxg2 Bxb2 26. Bc1 Bf6 27.
Ne4 Be5 28. Bb1 Nd5 29. Ba2 Nb6 30. f4 Bg7 31. Rf2 Nc4 32. Kg3 Rc6 33. Rc2 Rfc8
34. Bxc4 Rxc4 35. Rxc4 Rxc4 36. Rd8+ Bf8 37. Nf6+ Kg7 38. Bb2 g5 39. Nd7+ Kh6
40. Rxf8 Rxf4 41. Rh8+ Kg6 42. Rg8+ Kh6 43. Nf8 1-0

[Event "4NCL Division 4 South"]
[Site "Telford, ENG"]
[Date "2018.02.10"]
[Round "5.45"]
[White "Shah, Kian"]
[Black "Kapoor, Gurveen"]
[Result "0-1"]
[WhiteElo "1441"]
[BlackElo "1732"]
[PlyCount "88"]
[EventDate "2018.02.10"]

1. e4 Nc6 2. d4 d6 3. c4 Nf6 4. Nc3 g6 5. h3 Bg7 6. Nf3 O-O 7. a3 Nd7 8. b4 e5
9. d5 Ne7 10. Be3 f5 11. Bd3 f4 12. Bd2 h6 13. h4 a5 14. Bc2 b6 15. Ne2 Ba6 16.
Bd3 $11 16... Rb8 17. Qc2 Bf6 18. Nc1 g5 19. g3 g4 20. Nh2 h5 21. Nf1 Ng6 22.
Nb3 a4 23. Nc1 Ra8 24. Na2 Qb8 25. Nc3 Qa7 26. Nxa4 fxg3 27. fxg3 Bxh4 28. gxh4
b5 29. Be3 Rxf1+ 30. Bxf1 Qxe3+ 31. Qe2 Qxe2+ 32. Bxe2 bxa4 33. Rc1 Nf4 34. Kd2
Kh8 35. Bf1 Rb8 36. Kc3 Nf6 37. Bd3 g3 38. Rhg1 Rg8 39. Kd2 g2 40. b5 Bc8 41.
Bc2 Rg3 42. Rge1 Ng4 43. Bd1 g1=Q 44. Rxg1 Rxg1 0-1

[Event "4NCL Division 4 South"]
[Site "Telford, ENG"]
[Date "2018.02.10"]
[Round "5.46"]
[White "Jermy, Jaden"]
[Black "Gurjar, Roshan"]
[Result "1/2-1/2"]
[WhiteElo "1639"]
[BlackElo "1241"]
[PlyCount "80"]
[EventDate "2018.02.10"]

1. d4 d5 2. Bf4 Nf6 3. e3 Bf5 4. c3 e6 5. Nf3 Bd6 6. Bg3 c5 7. Bd3 Bg6 8. Ne5
Nc6 9. Bxg6 fxg6 10. Nd2 c4 11. h3 Qc7 12. f4 b5 13. Qe2 a5 14. e4 O-O 15. O-O
Rab8 16. Nxc6 Qxc6 17. e5 Nh5 18. Bh2 Be7 19. g4 Nxf4 20. Rxf4 b4 21. Rxf8+
Rxf8 22. Rf1 bxc3 23. bxc3 Qa4 24. Rxf8+ Bxf8 25. Nf3 Qa3 26. Qc2 Be7 27. Bf4
Bd8 28. Kg2 Qf8 29. Bc1 Be7 30. Qa4 Qd8 31. Ba3 Bxa3 32. Qxa3 h6 33. Qd6 Qe8
34. g5 h5 35. Ng1 Kh7 36. Ne2 Qf7 37. Qa3 Qf5 38. Qc1 Qe4+ 39. Kf2 Qh4+ 40. Ng3
Qxh3 1/2-1/2

[Event "4NCL Division 4 South"]
[Site "Telford, ENG"]
[Date "2018.02.10"]
[Round "5.51"]
[White "Howell, Oliver W"]
[Black "Briscoe, Chris"]
[Result "0-1"]
[WhiteElo "1975"]
[BlackElo "2210"]
[PlyCount "44"]
[EventDate "2018.02.10"]

1. Nf3 c5 2. c4 Nf6 3. g3 g6 4. Bg2 Bg7 5. O-O O-O 6. Nc3 Nc6 7. d4 cxd4 8.
Nxd4 Ng4 9. e3 Nge5 10. b3 d6 11. Nxc6 bxc6 12. Bb2 Rb8 13. Qd2 Qa5 14. Rac1
Bf5 15. e4 Bh3 16. Rfd1 Bg4 17. Ne2 Qxa2 18. Nd4 Bxd1 19. Ra1 Nxc4 20. Rxa2
Nxd2 21. Nxc6 Nf3+ 22. Bxf3 Bxf3 0-1

[Event "4NCL Division 4 South"]
[Site "Telford, ENG"]
[Date "2018.02.10"]
[Round "5.52"]
[White "Scott, David A"]
[Black "Staniforth, Matthew"]
[Result "1-0"]
[WhiteElo "2107"]
[BlackElo "1880"]
[PlyCount "47"]
[EventDate "2018.02.10"]

1. d4 Nf6 2. c4 c5 3. d5 e5 4. Nc3 d6 5. e4 Be7 6. h3 Nbd7 7. Be3 Nf8 8. Be2
Ng6 9. g3 h6 10. Qd2 a6 11. O-O-O O-O 12. f4 exf4 13. gxf4 Ne8 14. Nf3 b5 15.
e5 Qa5 16. Kb1 Rb8 17. Qc2 bxc4 18. Nd2 Bf5 19. Qxf5 Qxc3 20. Nxc4 dxe5 21.
fxe5 Nxe5 22. Bd2 Qg3 23. Qxe5 Rxb2+ 24. Qxb2 1-0

[Event "4NCL Division 4 South"]
[Site "Telford, ENG"]
[Date "2018.02.10"]
[Round "5.53"]
[White "Eckert, Jonathan"]
[Black "Seymour, Timothy P"]
[Result "1-0"]
[WhiteElo "1840"]
[BlackElo "2060"]
[PlyCount "43"]
[EventDate "2018.02.10"]

1. e4 e5 2. Nc3 Nf6 3. Bc4 Bc5 4. f4 d6 5. Nf3 c6 6. Qe2 b5 7. Bb3 Nbd7 8. d3
O-O 9. Rf1 Qc7 10. fxe5 dxe5 11. Bg5 Be7 12. Nh4 Nc5 13. Nf5 Bxf5 14. Rxf5 a5
15. a4 Nxb3 16. cxb3 Ne8 17. Rc1 Nd6 18. Nd5 Bxg5 19. Nxc7 Bxc1 20. Nxa8 Nxf5
21. exf5 Rxa8 22. Qc2 1-0

[Event "4NCL Division 4 South"]
[Site "Telford, ENG"]
[Date "2018.02.10"]
[Round "5.54"]
[White "Singleton, Michael P F"]
[Black "Hurley, Jake"]
[Result "1-0"]
[WhiteElo "2061"]
[BlackElo "1698"]
[PlyCount "67"]
[EventDate "2018.02.10"]

1. d4 e6 2. c4 f5 3. e4 fxe4 4. Nc3 Nf6 5. f3 Bb4 6. fxe4 O-O 7. Bg5 h6 8. Bxf6
Qxf6 9. Nf3 b6 10. Bd3 e5 11. O-O exd4 12. Nd5 Qd8 13. Nxb4 c5 14. Nc2 a5 15.
Qe2 d6 16. e5 Ra7 17. e6 Re7 18. Qe4 g6 19. Qxg6+ Rg7 20. Qe4 Qe7 21. Nh4 Rxf1+
22. Rxf1 Bb7 23. Qf4 Rg5 24. Qf7+ Qxf7 25. exf7+ Kf8 26. Ng6+ Rxg6 27. Bxg6 Nd7
28. Bh5 Bc6 29. Ne1 d5 30. b3 dxc4 31. bxc4 Ne5 32. Rf6 b5 33. cxb5 Bxb5 34.
Rb6 1-0